00334nam a2200109 4500008004100000040005500041080001700096100002100113245004200134260002700176700002100203240730b |||||||| |||| 00| 0 eng d aNational Science LibrarycNational Science Library a63(91)bJ6.1 aHall, C J J Van  aDe landbouw in den indischen archipel bUitgeverij W Van Hoeve aKoppel, C Van De